Statistics for Random Knowledge Quiz

Click here to take the quiz!

General Stats

  • This quiz has been taken 14 times
  • The average score is 5 of 15

Answer Stats

HintAnswer% Correct
Japanese emperor during WWIIHirohito
92%
First Roman emperorAugustus
69%
What this sign means: ≥Greater than or equal to
62%
Largest empireBritish Empire
54%
Capital of LesothoMaseru
54%
Alias of Walter WhiteHeisenberg
38%
Who wrote Holden CaulfieldJ. D. Salinger
38%
First arcade gamePong
31%
Who caused a split in the church?Constantine
23%
Name of the JetPunk fishJeppy
23%
Name of German zeppelin famous for explodingHildenberg
15%
How much it costed to play Street Fighter in an arcade75 cents
8%
murderer(s) of Julius CaesarA group of senators
8%
First home video game consoleFamicon
8%
Creator of NintendoFusajiro Yamauchi
8%

Score Distribution

Percentile by Number Answered

Percent of People with Each Score

Your Score History

You have not taken this quiz